000 01390cam a2200253 4500
001 ABS61445
008 000000n1999 000 0 eng u
035 _a(Sirsi) u101198
245 _aPatel and Another v Hooper and Jackson (a firm)
260 _c1999
490 _aWeekly Law Reports
_v [1999] 1WLR 1792-1806(15)
520 _aCA 10 November 1998. In 1988 the plaintiffs wre offered a loan of £83,000 by a building society towards the purchase of a property for £95,000. The defendants were instructed by the building society to provide a housebuyers report and valuation. The property was purchased in reliance on the report, but subsequently found to be uninhabitable. In 1993 the plaintiffs issued proceedings for negligent overvaluation of the property. They were unable to sell the property and incurring costs of rented accommodation. Whether plaintiffs entitled to indemnity for past and future mortgage interest payments. Whether entitled to damages for discomfort of living in rented housing.
590 _aABS
650 _aPATEL AND ANOTHER V HOOPER & JACKSON
650 _aDAMAGES
650 _aMEASURE OF DAMAGES
650 _aSURVEYORS
650 _aOVERVALUATION
650 _aNEGLIGENCE
650 _aRICS HOMEBUYER SURVEY AND VALUATION
650 _aMORTGAGE PAYMENTS
690 _aMANAGEMENT-BUSINESS MANAGEMENT-PROFESSIONAL PRACTICE
942 _n0
999 _c60360
_d60360